00267nam a2200109Ia 4500008004100000100000900041245003900050250000900089260003300098300000800131650001800139191201s2005 xx 000 0 und d aYMCA 0aBooks of Rules of Games and Sports a26th aN.DelhibSammy Printerc2005 a801 aGeneral Books